000 00519nam a2200181 i 4500
001 43218
003 ES-MaACL
005 20240224062531.0
007 t|
008 030317s1970 mx ||||1| spa d
100 1 _aCervantes Saavedra, Miguel de,
_d1547-1616
_9226514
245 1 0 _aComedias y entremeses /
_cMiguel de Cervantes.
260 _aMéxico, D.F. :
_bEditora Nacional,
_c[1970]
300 _a303 p. ;
_c17 cm.
852 _aES-MaACL
_jE-9330
_bR.94152
942 _2udc
999 _c43218
_d43218